LEADER 01271nam--2200361---450- 001 990006070610203316 005 20150909152226.0 010 $a978-88-348-4917-0 035 $a000607061 035 $aUSA01000607061 035 $a(ALEPH)000607061USA01 035 $a000607061 100 $a20150909d2014----km-y0itay50------ba 101 $aita 102 $aIT 105 $a||||||||001yy 200 1 $a<> personale universitario, docente e non docente, che svolge attivitą assistenziale$einquadramento giuridico e questioni applicative$fPaolo De Angelis$gCarlo Emanuele Gallo ed Eugenio Gaudio 210 $aTorino$cGiappichelli$d2014 215 $aXXIV, 273 p.$d24 cm 606 0 $aCliniche universitarie$xPersonale$xLegislazione$yItalia$2BNCF 676 $a344.45074 700 1$aDE ANGELIS,$bPaolo$0374399 702 1$aGALLO,$bCarlo Emanuele 702 1$aGAUDIO,$bEugenio 801 0$aIT$bsalbc$gISBD 912 $a990006070610203316 951 $aXXIV.3.Q. 411$b82208 G.$cXXIV.3.Q.$d00345573 959 $aBK 969 $aGIU 979 $aCHIARA$b90$c20150909$lUSA01$h1512 979 $aCHIARA$b90$c20150909$lUSA01$h1522 996 $aPersonale universitario, docente e non docente, che svolge attivitą assistenziale$91514078 997 $aUNISA LEADER 01393nam 2200385 a 450 001 9910694859703321 005 20060309155309.0 035 $a(CKB)5470000002365112 035 $a(OCoLC)64584193 035 $a(EXLCZ)995470000002365112 100 $a20060309d2005 ua 0 101 0 $aeng 135 $aurmn|---||||| 181 $ctxt$2rdacontent 182 $cc$2rdamedia 183 $acr$2rdacarrier 200 10$aElections$b[electronic resource] $efederal efforts to improve security and reliability of electronic voting systems are under way, but key activities need to be completed : report to congressional requesters 210 1$a[Washington, D.C.] :$cU.S. Government Accountability Office,$d[2005] 215 $aiii, 101 pages $cdigital, PDF file 300 $aTitle from title screen (viewed on Jan. 17, 2006). 300 $a"September 2005." 300 $aPaper version available from: U.S. Government Accountability Office, 441 G St., NW, Rm. LM, Washington, D.C. 20548. 300 $a"GAO-05-956." 320 $aIncludes bibliographical references. 517 $aElections 606 $aElectronic voting$zUnited States 606 $aElections$zUnited States 615 0$aElectronic voting 615 0$aElections 801 0$bGPO 801 1$bGPO 906 $aBOOK 912 $a9910694859703321 996 $aElections$92953379 997 $aUNINA